000 00380nam a2200121Ia 4500
008 220901s9999||||xx |||||||||||||| ||und||
082 _a621.384 15 RES
100 _aResearch India Publication
245 0 _aInternational Journal of mobile communication and networking
250 _aVol. 1 Issue No. 1 & 2
260 _bResearch India Publication
_c2010
650 _aMobile network
999 _c193685
_d193685